[Event "II C.to Romano"]
[Site "Roma ITA"]
[Date "1997.??.??"]
[Round "6"]
[White "Quimi, Marco"]
[Black "Tosoni, Augusto"]
[Result "1-0"]
[WhiteElo "2240"]
[BlackElo "2116"]
[PlyCount "72"]
[EventDate "1997.??.??"]

1. e4 c5 2. Nf3 d6 3. d4 cxd4 4. Nxd4 Nf6 5. Nc3 g6 6. Be3 Bg7 7. Qd2 O-O 8. f3
Nc6 9. Bc4 Bd7 10. O-O-O Ne5 11. Bb3 Rc8 12. h4 Nc4 13. Bxc4 Rxc4 14. h5 Nxh5
15. g4 Nf6 16. Bh6 Nxe4 17. Qe3 Rxc3 18. bxc3 Nf6 19. Bxg7 Kxg7 20. Rh2 Rg8 21.
Rdh1 Kf8 22. Re1 e5 23. Nb3 Bxg4 24. Rd2 Bd7 25. Rxd6 Qe7 26. Red1 Kg7 27. Qxa7
Bc6 28. Rxc6 e4 29. fxe4 Nxe4 30. Qd4+ f6 31. Qd7 Re8 32. Rc7 Kf8 33. Qxe7+
Rxe7 34. Rxe7 Kxe7 35. Re1 f5 36. Nc5 Kf6 1-0

[Event "II C.to Romano"]
[Site "Roma ITA"]
[Date "1997.??.??"]
[Round "6"]
[White "Ragonese, Lucio Rosario"]
[Black "Simeoni, Matteo"]
[Result "1-0"]
[WhiteElo "2060"]
[BlackElo "1830"]
[PlyCount "41"]
[EventDate "1997.??.??"]

1. d4 f5 2. Bg5 h6 3. Bh4 g5 4. e3 Nf6 5. Bg3 d6 6. Bd3 Bg7 7. Nd2 O-O 8. f3
Nc6 9. c3 Qe8 10. Qc2 e5 11. O-O-O f4 12. exf4 exf4 13. Bf2 Bd7 14. g4 Ne7 15.
h4 Bc6 16. hxg5 Nxg4 17. gxh6 Nxh6 18. Nh3 Qf7 19. Ng5 Qe8 20. Bc4+ d5 21. Qh7#
1-0

[Event "II C.to Romano"]
[Site "Roma ITA"]
[Date "1997.??.??"]
[Round "6"]
[White "Scagliarini, Bruno"]
[Black "Manzanilla, Rufino"]
[Result "1-0"]
[WhiteElo "1974"]
[BlackElo "1600"]
[PlyCount "61"]
[EventDate "1997.??.??"]

1. c4 c6 2. g3 e6 3. Bg2 Nf6 4. Nf3 d5 5. b3 a5 6. O-O Bd6 7. Bb2 O-O 8. d4
dxc4 9. bxc4 b6 10. Nbd2 Bb7 11. Qc2 g6 12. Rfd1 Qe7 13. Rab1 Nbd7 14. e4 Bb4
15. e5 Ne8 16. a4 c5 17. Ne4 f5 18. exf6 Ndxf6 19. Nxf6+ Nxf6 20. d5 exd5 21.
cxd5 Qe4 22. Qc1 Qf5 23. Nh4 Qd7 24. Qg5 Qg7 25. Rd3 Rf7 26. Bh3 Bc8 27. Be6
Bxe6 28. dxe6 Rff8 29. Rd7 Qxd7 30. exd7 Nxd7 31. Nxg6 1-0

[Event "II C.to Romano"]
[Site "Roma ITA"]
[Date "1997.??.??"]
[Round "6"]
[White "Spano' Cuomo, Gaetano"]
[Black "Esuperanzi, Gianbattista"]
[Result "1-0"]
[WhiteElo "1641"]
[BlackElo "1600"]
[PlyCount "107"]
[EventDate "1997.??.??"]

1. d4 Nf6 2. c4 e6 3. Nf3 b6 4. Bg5 h6 5. Bh4 Bb4+ 6. Nc3 c5 7. e3 cxd4 8. exd4
Bb7 9. a3 Be7 10. h3 Ne4 11. Nxe4 Bxe4 12. Bd3 Bxd3 13. Bxe7 Qxe7 14. Qxd3 O-O
15. O-O Qf6 16. b4 d6 17. Rac1 Nc6 18. Rc2 Rfd8 19. Rfc1 a5 20. b5 Ne7 21. a4
Ng6 22. Qe3 Rd7 23. d5 Rb8 24. Nd4 e5 25. Nc6 Rbb7 26. g3 Ne7 27. Re2 g5 28.
Rce1 Qg7 29. Qd2 f6 30. Kh2 Kh8 31. f4 Ng6 32. fxg5 hxg5 33. Kg1 Qf8 34. Kf2
Rh7 35. Rh1 Rh5 36. Ke1 Rbh7 37. Reh2 Qh6 38. Qf2 Nf8 39. g4 Rh4 40. Qxb6 Qg6
41. Kd2 Qe4 42. Nxa5 Rxh3 43. Rxh3 Qg2+ 44. Ke1 Rxh3 45. Rxh3+ Qxh3 46. Qxd6
Qc3+ 47. Kd1 Nh7 48. Qb8+ Kg7 49. Qa7+ Kg6 50. Nc6 Qg3 51. Kd2 Qxg4 52. Ne7+
Kh6 53. Ng8+ Kg6 54. Qxh7+ 1-0

[Event "II C.to Romano"]
[Site "Roma ITA"]
[Date "1997.??.??"]
[Round "6"]
[White "Vannelli, Vittorio"]
[Black "Scacco, Mauro"]
[Result "0-1"]
[WhiteElo "1636"]
[BlackElo "2045"]
[PlyCount "94"]
[EventDate "1997.??.??"]

1. e4 e5 2. Nf3 Nc6 3. Bc4 Bc5 4. c3 Qe7 5. O-O d6 6. d4 Bb6 7. d5 Nd8 8. a4 a6
9. a5 Ba7 10. Nbd2 h6 11. Ba2 Nf6 12. b4 O-O 13. Bb1 Bg4 14. Nc4 Nh7 15. Ne3
Bxe3 16. Bxe3 f5 17. exf5 e4 18. Qd4 Bxf3 19. gxf3 exf3 20. Kh1 Nf7 21. Rg1 Nf6
22. Rg3 Rae8 23. Bc2 Ng5 24. Bxg5 hxg5 25. Rxg5 Ne4 26. Rxg7+ Qxg7 27. Rg1 Ng3+
28. fxg3 Qxd4 29. cxd4 Re2 30. Bd1 Re3 31. g4 Rfe8 32. Rf1 R8e4 33. Bxf3 Rxd4
34. Kg2 Rxb4 35. h4 b6 36. axb6 cxb6 37. h5 a5 38. h6 Rf4 39. Kg3 Rexf3+ 40.
Rxf3 Rxf3+ 41. Kxf3 a4 42. g5 a3 43. g6 a2 44. h7+ Kh8 45. f6 a1=Q 46. f7 Qf6+
47. Ke3 Kg7 0-1

[Event "II C.to Romano"]
[Site "Roma ITA"]
[Date "1997.??.??"]
[Round "6"]
[White "Vignato, Giovanni"]
[Black "Franchi, Jose' Maria"]
[Result "0-1"]
[WhiteElo "2150"]
[BlackElo "1915"]
[PlyCount "30"]
[EventDate "1997.??.??"]

1. c4 e5 2. Nc3 Nc6 3. g3 g6 4. Bg2 Bg7 5. e4 d6 6. Nge2 Nge7 7. O-O O-O 8. d3
f5 9. f4 Be6 10. Be3 Nd4 11. Qd2 Nxe2+ 12. Qxe2 c6 13. Rad1 Qc7 14. Kh1 Rae8
15. Bxa7 b6 0-1

[Event "II C.to Romano"]
[Site "Roma ITA"]
[Date "1997.??.??"]
[Round "7"]
[White "Castillo, Juan"]
[Black "Abuhamdieh, Arafat"]
[Result "1-0"]
[WhiteElo "1600"]
[BlackElo "1294"]
[PlyCount "115"]
[EventDate "1997.??.??"]

1. d4 d5 2. c4 c6 3. cxd5 cxd5 4. Nc3 Nf6 5. e3 a6 6. Bd3 Nc6 7. a3 g6 8. Nge2
Bg7 9. h3 O-O 10. g4 h6 11. Ng3 b5 12. f4 Qd6 13. Qf3 b4 14. Na4 Rb8 15. Nc5 a5
16. a4 Nd7 17. Nxd7 Bxd7 18. b3 e6 19. Bb2 f5 20. Ne2 Qe7 21. Kd2 Nd8 22. h4
Nb7 23. Rag1 Nc5 24. Bc2 Ne4+ 25. Bxe4 dxe4 26. Qg2 Rf7 27. Rc1 Rc8 28. gxf5
Rxc1 29. Rxc1 gxf5 30. Rc5 Qd8 31. Ng3 Kf8 32. Qh1 Bf6 33. Qc1 Bxh4 34. Ne2 Be7
35. Qc4 Bxc5 36. Qxc5+ Ke8 37. d5 exd5 38. Be5 h5 39. Nd4 Qc8 40. Qxd5 Qc3+ 41.
Kd1 Qd3+ 42. Kc1 Qxe3+ 43. Kb2 Qd2+ 44. Kb1 Qd3+ 45. Kb2 Qa6 46. Bd6 Qb6 47.
Bc5 Qf6 48. Qa8+ Qd8 49. Qd5 Qc8 50. Qe5+ Be6 51. Nxe6 Kd7 52. Qd5+ Ke8 53. Nd4
h4 54. Nb5 Rf6 55. Qg8+ Kd7 56. Qg7+ Kc6 57. Qxf6+ Kd7 58. Qd6+ 1-0

[Event "II C.to Romano"]
[Site "Roma ITA"]
[Date "1997.??.??"]
[Round "7"]
[White "De Vita, Igor"]
[Black "Marzano, Carlo"]
[Result "1/2-1/2"]
[WhiteElo "2115"]
[BlackElo "2160"]
[PlyCount "62"]
[EventDate "1997.??.??"]

1. c4 d6 2. Nc3 e5 3. Nf3 Nc6 4. d4 exd4 5. Nxd4 Nge7 6. e4 Nxd4 7. Qxd4 Nc6 8.
Qd1 g6 9. Be3 Bg7 10. Be2 O-O 11. Qd2 Be6 12. O-O f5 13. exf5 Bxf5 14. Nd5 Qd7
15. Rad1 Qf7 16. Bh6 Rae8 17. Bxg7 Qxg7 18. f4 Re4 19. b3 Rd4 20. Qc3 Re8 21.
Bf3 Rxd1 22. Qxg7+ Kxg7 23. Rxd1 Rc8 24. b4 b6 25. a3 Kf7 26. Nc3 Ne7 27. Nb5
a5 28. Bb7 Rb8 29. Bf3 Rc8 30. Na7 Rb8 31. Nb5 Rc8 1/2-1/2

[Event "II C.to Romano"]
[Site "Roma ITA"]
[Date "1997.??.??"]
[Round "7"]
[White "Franchi, Jose' Maria"]
[Black "Quimi, Marco"]
[Result "0-1"]
[WhiteElo "1915"]
[BlackElo "2240"]
[PlyCount "64"]
[EventDate "1997.??.??"]

1. e4 c5 2. Nf3 e6 3. c3 d6 4. d4 Nd7 5. Bd3 Qc7 6. O-O Ngf6 7. Re1 e5 8. Bg5
Be7 9. Nbd2 a6 10. a4 b6 11. b4 O-O 12. b5 Re8 13. d5 h6 14. Bh4 Nf8 15. Nf1
Ng6 16. Bg3 c4 17. Bc2 axb5 18. axb5 Bd7 19. Qd2 Bxb5 20. Ne3 Bd7 21. Nf5 Bxf5
22. exf5 Nf8 23. Ba4 N8d7 24. Bc6 Rxa1 25. Rxa1 Rc8 26. Ra4 b5 27. Bxb5 Nb6 28.
Ra3 Nfxd5 29. Qa2 Qc5 30. Ba6 Ra8 31. Nd2 Nc7 32. Nb1 Qd5 0-1

[Event "II C.to Romano"]
[Site "Roma ITA"]
[Date "1997.??.??"]
[Round "7"]
[White "Ianniello, Riccardo"]
[Black "Montecchi, Ugo"]
[Result "1-0"]
[WhiteElo "2300"]
[BlackElo "1833"]
[PlyCount "83"]
[EventDate "1997.??.??"]

1. e4 c5 2. Nf3 d6 3. c3 Nf6 4. Be2 Nc6 5. Qc2 e6 6. d4 Qc7 7. O-O Be7 8. Rd1
O-O 9. d5 Nb8 10. c4 e5 11. Nc3 Bg4 12. h3 Bxf3 13. Bxf3 h6 14. g3 Kh7 15. Be3
Nbd7 16. Kh2 a6 17. Rg1 Rh8 18. Be2 g6 19. f4 Kg7 20. Raf1 Rag8 21. Rg2 Kf8 22.
Rgf2 Qd8 23. Qd2 Ke8 24. a3 Rh7 25. b4 b6 26. Bd1 g5 27. Ba4 gxf4 28. gxf4 exf4
29. Bxf4 Nh5 30. bxc5 bxc5 31. e5 Nxf4 32. Qxf4 dxe5 33. Qf5 Rgg7 34. d6 Bh4
35. Nd5 Bxf2 36. Nc7+ Kf8 37. Ne6+ Kg8 38. Nxd8 Bg3+ 39. Kh1 Nb6 40. Be8 Bf4
41. Nc6 Rg5 42. Ne7+ 1-0

[Event "II C.to Romano"]
[Site "Roma ITA"]
[Date "1997.??.??"]
[Round "7"]
[White "Lantini, Marco"]
[Black "Lavieri, Doriano"]
[Result "1-0"]
[WhiteElo "2190"]
[BlackElo "1855"]
[PlyCount "59"]
[EventDate "1997.??.??"]

1. e4 c6 2. d4 d5 3. Nc3 dxe4 4. Nxe4 Bf5 5. Ng3 Bg6 6. f4 e6 7. Nf3 Nf6 8. Bc4
Nbd7 9. O-O Be7 10. Kh1 Ne4 11. Nxe4 Bxe4 12. Qe2 Bxf3 13. Rxf3 O-O 14. f5 exf5
15. Rxf5 Bf6 16. c3 Nb6 17. Bb3 Nd5 18. Bd2 Ne7 19. Rf3 Ng6 20. Raf1 Qe7 21.
Re3 Qd7 22. Qh5 Rfe8 23. Rh3 Nf8 24. Rxf6 gxf6 25. Bc2 Qe6 26. Bxh7+ Nxh7 27.
Qxh7+ Kf8 28. Qh6+ Ke7 29. Re3 Kd7 30. Rxe6 1-0

[Event "II C.to Romano"]
[Site "Roma ITA"]
[Date "1997.??.??"]
[Round "7"]
[White "Manzanilla, Rufino"]
[Black "Vignato, Giovanni"]
[Result "1-0"]
[WhiteElo "1600"]
[BlackElo "2150"]
[PlyCount "53"]
[EventDate "1997.??.??"]

1. Nf3 c5 2. c3 e6 3. d4 b6 4. Bg5 f6 5. Bh4 Ne7 6. e4 Bb7 7. Bd3 Ng6 8. Bg3 d6
9. h4 e5 10. d5 Nd7 11. Qd2 Qc7 12. Na3 a6 13. c4 Ne7 14. Rb1 h5 15. Nh2 g6 16.
Nf1 Bh6 17. Ne3 f5 18. exf5 gxf5 19. Qe2 f4 20. Qxh5+ Kd8 21. Ng4 Bg7 22. Qf7
fxg3 23. f3 Bh6 24. Nxh6 Rxh6 25. h5 Rh8 26. h6 Nf8 27. Qf6 1-0

[Event "II C.to Romano"]
[Site "Roma ITA"]
[Date "1997.??.??"]
[Round "7"]
[White "Passerotti, Pierluigi"]
[Black "Corvi, Marco"]
[Result "0-1"]
[WhiteElo "2310"]
[BlackElo "2260"]
[PlyCount "118"]
[EventDate "1997.??.??"]

1. d4 f5 2. Bg5 h6 3. Bh4 g5 4. e3 Nf6 5. Bg3 Bg7 6. h4 g4 7. Nc3 d6 8. Nge2
Nh5 9. Qd3 Nc6 10. O-O-O O-O 11. f3 e5 12. fxg4 Nxg3 13. Nxg3 exd4 14. Qc4+ Kh8
15. exd4 f4 16. Nh5 Bxg4 17. Nxg7 Kxg7 18. Be2 Qd7 19. Bf3 Bxf3 20. gxf3 Qf7
21. Qb5 Rab8 22. Rhg1+ Kh7 23. Rg4 a6 24. Qd5 Rbe8 25. Qxf7+ Rxf7 26. Nd5 Rg8
27. Rxg8 Kxg8 28. Rg1+ Kh7 29. c3 Ne7 30. Nxc7 Nf5 31. Ne6 Nxh4 32. Rg4 Nxf3
33. Rxf4 Rxf4 34. Nxf4 Kg7 35. Kd1 Kf6 36. Ke2 Ng5 37. c4 Ne6 38. Nd5+ Kf5 39.
Ke3 Nd8 40. Nf4 Ne6 41. Nd3 h5 42. d5 Nd8 43. b4 h4 44. c5 h3 45. Nf2 h2 46.
cxd6 Kg6 47. d7 Kf7 48. Kf3 Ke7 49. Kg3 Kxd7 50. Kxh2 Kd6 51. Kg3 Kxd5 52. Kf3
Kc4 53. a3 Kb3 54. Ke3 Kxa3 55. Nd3 Kb3 56. Kd4 b6 57. Nc5+ bxc5+ 58. Kxc5 Ne6+
59. Kb6 Nc7 0-1

[Event "II C.to Romano"]
[Site "Roma ITA"]
[Date "1997.??.??"]
[Round "7"]
[White "Scacco, Mauro"]
[Black "Scagliarini, Bruno"]
[Result "1-0"]
[WhiteElo "2045"]
[BlackElo "1974"]
[PlyCount "87"]
[EventDate "1997.??.??"]

1. e4 e6 2. d4 d5 3. Nc3 Bb4 4. e5 c5 5. a3 Bxc3+ 6. bxc3 Ne7 7. a4 Nbc6 8. Nf3
Qa5 9. Qd2 f6 10. Bd3 fxe5 11. dxe5 c4 12. Be2 Ng6 13. O-O Qc7 14. Ba3 Ngxe5
15. Ng5 h6 16. Nh3 g6 17. Rae1 Bd7 18. f4 Nf7 19. f5 gxf5 20. Bh5 Nce5 21. Qd4
O-O-O 22. Qxa7 Ng5 23. Qa8+ Qb8 24. Qxb8+ Kxb8 25. Bd6+ Kc8 26. Bxe5 Nxh3+ 27.
gxh3 Rhg8+ 28. Bg3 Rdf8 29. Rf4 Bxa4 30. Rxe6 Bxc2 31. Rxh6 Kd7 32. Kf2 Ra8 33.
Bf7 Rgf8 34. Bxd5 Ra2 35. Rh7+ Kd6 36. Rxf5+ Kc5 37. Rc7+ Kb6 38. Rxb7+ Kc5 39.
Rc7+ Kb6 40. Rc6+ Kb5 41. Rxf8 Be4+ 42. Ke3 Bxd5 43. Rd6 Bg2 44. Rd2 1-0

[Event "II C.to Romano"]
[Site "Roma ITA"]
[Date "1997.??.??"]
[Round "7"]
[White "Scagliarini, Valentina"]
[Black "Ragonese, Lucio Rosario"]
[Result "1/2-1/2"]
[WhiteElo "1642"]
[BlackElo "2060"]
[PlyCount "122"]
[EventDate "1997.??.??"]

1. e4 d5 2. exd5 Qxd5 3. d4 e5 4. dxe5 Qxe5+ 5. Qe2 Nc6 6. Nf3 Qxe2+ 7. Bxe2
Bf5 8. c3 O-O-O 9. Be3 h6 10. Nbd2 Nf6 11. Nb3 Nd5 12. Bd2 Bd6 13. O-O Nf4 14.
Bb5 Ne7 15. Nc1 Be4 16. Ne1 Nf5 17. Bxf4 Bxf4 18. Bd3 Rhe8 19. Bxe4 Rxe4 20.
Nf3 Nd6 21. Nd3 Nc4 22. Rad1 Bd6 23. b3 Nb6 24. c4 Nd7 25. Rfe1 Rde8 26. Kf1
Nc5 27. Nxc5 Bxc5 28. Rxe4 Rxe4 29. Re1 Rxe1+ 30. Kxe1 Kd7 31. Ke2 Ke6 32. h3
Kf5 33. Ne1 Ke4 34. Nc2 a5 35. g3 f5 36. f3+ Ke5 37. Ne3 g6 38. Kd3 Bf8 39. Nd5
Kd6 40. Nf4 g5 41. Ne2 Bg7 42. f4 Kc5 43. Nc3 c6 44. a3 b5 45. cxb5 cxb5 46.
Nd1 Kd5 47. Ne3+ Ke6 48. Nc2 Kd5 49. Ne3+ Kc5 50. Nxf5 Bb2 51. Nxh6 gxf4 52.
gxf4 Bxa3 53. f5 Bb2 54. Ng4 Kd5 55. h4 Kd6 56. h5 Ke7 57. h6 Kf7 58. Ne3 Kg8
59. Nd5 Kh7 60. Nc7 a4 61. bxa4 bxa4 1/2-1/2

[Event "II C.to Romano"]
[Site "Roma ITA"]
[Date "1997.??.??"]
[Round "7"]
[White "Scolozzi, Umberto"]
[Black "Galdelli, Fabiano"]
[Result "0-1"]
[WhiteElo "1600"]
[BlackElo "1738"]
[PlyCount "28"]
[EventDate "1997.??.??"]

1. d4 Nf6 2. c4 e6 3. Nc3 Bb4 4. Bg5 O-O 5. f3 d5 6. cxd5 exd5 7. e3 Re8 8. Qd3
Nc6 9. a3 h6 10. Bxf6 Bxc3+ 11. bxc3 Qxf6 12. O-O-O Na5 13. Re1 Bd7 14. Qd2
Nb3+ 0-1

[Event "II C.to Romano"]
[Site "Roma ITA"]
[Date "1997.??.??"]
[Round "7"]
[White "Simeoni, Matteo"]
[Black "Barro, Carlo"]
[Result "0-1"]
[WhiteElo "1830"]
[BlackElo "1747"]
[PlyCount "90"]
[EventDate "1997.??.??"]

1. e4 d6 2. d4 Nf6 3. Nc3 g6 4. Nf3 Bg7 5. Be2 O-O 6. O-O Nc6 7. d5 Nb8 8. h3
Nfd7 9. Re1 c5 10. Bf1 a6 11. Bd2 b5 12. Qc1 f6 13. Bh6 Ne5 14. Nh2 Nf7 15.
Bxg7 Kxg7 16. f4 c4 17. Qe3 Qc7 18. Kh1 Nd7 19. Qg3 Nc5 20. Nf3 b4 21. Nd1 f5
22. exf5 Bxf5 23. Nd4 Nh6 24. Bxc4 Rf6 25. Qe3 Ng8 26. Nf2 Raf8 27. Rac1 h5 28.
Ne2 Bc8 29. c3 b3 30. axb3 e5 31. dxe6 Bxe6 32. Bxe6 Rxe6 33. Qd4+ Nf6 34. Qd1
Rfe8 35. b4 Nce4 36. Nd3 Qc4 37. Rf1 Nd5 38. b3 Qc7 39. Nb2 Ne3 40. Qd4+ Nf6
41. Rf2 Nf5 42. Qd3 Rxe2 43. Rxe2 Rxe2 44. Rc2 Re1+ 45. Kh2 Qa7 0-1

[Event "II C.to Romano"]
[Site "Roma ITA"]
[Date "1997.??.??"]
[Round "7"]
[White "Spano' Cuomo, Gaetano"]
[Black "Pienabarca, Nicola"]
[Result "1-0"]
[WhiteElo "1641"]
[BlackElo "2020"]
[PlyCount "133"]
[EventDate "1997.??.??"]

1. d4 Nf6 2. c4 e6 3. Nc3 Bb4 4. a3 Bxc3+ 5. bxc3 c5 6. Qc2 d6 7. e4 e5 8. d5
Nbd7 9. Bd3 b6 10. Ne2 Nh5 11. g4 Nhf6 12. f3 Qe7 13. Ng3 g6 14. Be3 h5 15. h3
Bb7 16. O-O-O Kd8 17. Rdg1 Kc7 18. Rg2 Rh7 19. g5 Ng8 20. Rhg1 Qe8 21. Qe2 Nf8
22. Kb2 a6 23. Re1 h4 24. Nf1 Bc8 25. Rh2 Bd7 26. f4 Qc8 27. fxe5 dxe5 28. Qg2
Kb8 29. Ka2 Be8 30. Rb1 Ka7 31. Qg1 Nd7 32. Rhb2 f6 33. Be2 f5 34. exf5 gxf5
35. g6 Rg7 36. Rxb6 Nxb6 37. Bxc5 Rb8 38. Bxb6+ Ka8 39. c5 Rxg6 40. Qh1 e4 41.
c4 Ne7 42. d6 Nc6 43. Bh5 Rg7 44. Bxe8 Qxe8 45. Ne3 Qg8 46. Qd1 f4 47. Nd5 Rg2+
48. Rb2 Rxb2+ 49. Kxb2 Ne5 50. Qc2 Nd3+ 51. Ka2 Rxb6 52. cxb6 Kb7 53. d7 f3 54.
Nf4 f2 55. Ne6 f1=Q 56. d8=Q Qxd8 57. Nxd8+ Kb8 58. c5 Qf2 59. Nc6+ Kb7 60.
Nd8+ Kb8 61. Qxf2 Nxf2 62. c6 e3 63. c7+ Kc8 64. Nc6 Kb7 65. Ne7 Kxb6 66. c8=Q
e2 67. Qc6+ 1-0

[Event "II C.to Romano"]
[Site "Roma ITA"]
[Date "1997.??.??"]
[Round "7"]
[White "Vallifuoco, Giovanni"]
[Black "Viscardi, Riccardo"]
[Result "1/2-1/2"]
[WhiteElo "2255"]
[BlackElo "1600"]
[PlyCount "54"]
[EventDate "1997.??.??"]

1. d4 Nf6 2. c4 g6 3. Nc3 d5 4. cxd5 Nxd5 5. e4 Nxc3 6. bxc3 Bg7 7. Bc4 c5 8.
Ne2 O-O 9. O-O Nc6 10. Be3 Qc7 11. Rc1 Rd8 12. h3 e6 13. f4 b6 14. Qe1 Na5 15.
Bd3 Qd7 16. f5 exf5 17. exf5 Re8 18. Qg3 c4 19. fxg6 hxg6 20. Rxf7 Rxe3 21.
Rxd7 Rxg3 22. Rd8+ Kh7 23. Be4 Bb7 24. Rd7 Re3 25. Bxb7 Nxb7 26. Kf2 Rae8 27.
Ng1 R3e7 1/2-1/2

[Event "II C.to Romano"]
[Site "Roma ITA"]
[Date "1997.??.??"]
[Round "7"]
[White "Vannelli, Vittorio"]
[Black "Cattarinich, Benedetto"]
[Result "1/2-1/2"]
[WhiteElo "1636"]
[BlackElo "1837"]
[PlyCount "90"]
[EventDate "1997.??.??"]

1. e4 c5 2. Nf3 Nc6 3. d4 cxd4 4. Nxd4 e6 5. Nc3 Nf6 6. Nxc6 bxc6 7. e5 Nd5 8.
Nxd5 cxd5 9. Bd3 Ba6 10. O-O Bxd3 11. Qxd3 Qc7 12. Re1 Rb8 13. h3 Bc5 14. Qg3
Kf8 15. c3 a5 16. Re2 Qc6 17. Be3 Bxe3 18. Qxe3 h6 19. Rc1 Qb5 20. Rec2 Rc8 21.
b3 Qc5 22. Qe2 Ke7 23. c4 d4 24. Qe4 Rhd8 25. Rd1 d6 26. exd6+ Rxd6 27. Rcd2
Rcd8 28. Kf1 Kf8 29. Qh7 Qg5 30. Rd3 f5 31. Re1 Kf7 32. g4 Re8 33. gxf5 Qxf5
34. Qxf5+ exf5 35. Rxe8 Kxe8 36. Ke2 Ke7 37. a3 Ke6 38. b4 axb4 39. axb4 Ke5
40. Kd2 Ra6 41. Rb3 Ra2+ 42. Ke1 Ra1+ 43. Ke2 Ra2+ 44. Ke1 Ra1+ 45. Ke2 Ra2+
1/2-1/2

[Event "II Weekend INPS"]
[Site "Roma ITA"]
[Date "1997.??.??"]
[Round "1"]
[White "Abuhamdieh, Arafat"]
[Black "Farina, Saverio"]
[Result "0-1"]
[WhiteElo "1294"]
[BlackElo "2195"]
[PlyCount "134"]
[EventDate "1997.??.??"]

1. d4 d5 2. c4 e6 3. e3 c5 4. Nf3 Nf6 5. Bd3 dxc4 6. Bxc4 a6 7. a4 Nc6 8. O-O
Be7 9. dxc5 O-O 10. Nc3 Bxc5 11. Qe2 Qe7 12. Rd1 b6 13. Ng5 Ne5 14. Nge4 Nxc4
15. Nxf6+ Qxf6 16. Qxc4 Bb7 17. Qg4 Rfd8 18. Bd2 Qg6 19. Qxg6 hxg6 20. Ne2 Rd7
21. b4 Rad8 22. Nd4 Bxd4 23. exd4 Rxd4 24. Ra2 Rxb4 25. Re1 Rg4 26. g3 Rgd4 27.
Be3 Rd1 28. Kf1 Bg2+ 29. Ke2 Bf3+ 30. Kxf3 Rxe1 31. Bxb6 Rd6 32. a5 Rb1 33. Rc2
Rdxb6 34. axb6 Rxb6 35. Rc8+ Kh7 36. Ra8 g5 37. Ke3 f5 38. h3 Rd6 39. g4 Kg6
40. f4 gxf4+ 41. Kxf4 Rd4+ 42. Ke3 Ra4 43. Kf3 Kg5 44. gxf5 exf5 45. Ra7 Ra3+
46. Kg2 Ra2+ 47. Kg3 Ra3+ 48. Kg2 g6 49. Rg7 Kf6 50. Rb7 g5 51. Rb6+ Ke5 52.
Rb4 a5 53. Rb2 Rd3 54. Ra2 Rd5 55. Ra4 Rb5 56. Kf3 Kd5 57. Ra3 Kc4 58. Ra4+ Kb3
59. Ra1 Rd5 60. Ke3 a4 61. Rb1+ Kc3 62. Ra1 Re5+ 63. Kf3 Ra5 64. Ra3+ Kb2 65.
Re3 a3 66. Re2+ Kc3 67. Ra2 Kb3 0-1

[Event "II Weekend INPS"]
[Site "Roma ITA"]
[Date "1997.??.??"]
[Round "1"]
[White "Cenni, Franco"]
[Black "Lagumina, Giulio"]
[Result "0-1"]
[WhiteElo "1663"]
[BlackElo "2265"]
[PlyCount "52"]
[EventDate "1997.??.??"]

1. d4 d5 2. e3 Nf6 3. c4 e6 4. Nc3 c6 5. Bd2 Nbd7 6. Nf3 Bd6 7. Be2 O-O 8. O-O
Ne4 9. c5 Bc7 10. Qc2 f5 11. b4 e5 12. b5 Nxc3 13. Bxc3 e4 14. Ne5 Nxe5 15.
dxe5 Qe7 16. Qb2 Re8 17. Rac1 Bxe5 18. bxc6 bxc6 19. Bd4 Rb8 20. Qa3 Bxd4 21.
exd4 f4 22. Kh1 Bf5 23. Rb1 Rxb1 24. Rxb1 f3 25. gxf3 exf3 26. Bd3 Qe1+ 0-1

[Event "II Weekend INPS"]
[Site "Roma ITA"]
[Date "1997.??.??"]
[Round "1"]
[White "Chiaretti, Roberto"]
[Black "Celletti, Luca"]
[Result "1-0"]
[WhiteElo "2150"]
[BlackElo "1600"]
[PlyCount "69"]
[EventDate "1997.??.??"]

1. e4 e5 2. Bc4 Nc6 3. Nf3 Bc5 4. c3 Nf6 5. d3 d6 6. Nbd2 O-O 7. Bb3 a6 8. O-O
Ne7 9. Re1 Ng6 10. Nf1 Bg4 11. h3 Be6 12. Bxe6 fxe6 13. Qb3 Qe7 14. d4 exd4 15.
cxd4 Bb6 16. Ng3 Kh8 17. Bd2 Nd7 18. a4 a5 19. Be3 Nf4 20. Nd2 Qf7 21. Ra3 Rab8
22. Nc4 h5 23. Nxb6 cxb6 24. Qb5 h4 25. Nf1 Nxh3+ 26. gxh3 Qg6+ 27. Qg5 Qxe4
28. Nd2 Qc2 29. Qxh4+ Kg8 30. Qe7 Rf7 31. Qxe6 Rbf8 32. Rc3 Qxb2 33. Rc7 Kh8
34. Rxd7 Rxf2 35. Qg6 1-0

[Event "II Weekend INPS"]
[Site "Roma ITA"]
[Date "1997.??.??"]
[Round "1"]
[White "Colangeli, Claudio"]
[Black "Vallifuoco, Giovanni"]
[Result "0-1"]
[WhiteElo "1651"]
[BlackElo "2255"]
[PlyCount "50"]
[EventDate "1997.??.??"]

1. d4 Nf6 2. c4 c5 3. d5 b5 4. cxb5 a6 5. e3 g6 6. Nc3 Bg7 7. Nf3 O-O 8. a4 e6
9. Be2 Bb7 10. e4 exd5 11. exd5 axb5 12. Bxb5 Na6 13. O-O Nb4 14. Bc4 d6 15.
Re1 h6 16. h3 Nd7 17. Bf4 Nb6 18. Bb5 N6xd5 19. Nxd5 Nxd5 20. Qd2 Nxf4 21. Qxf4
Bxf3 22. gxf3 Bxb2 23. Rab1 Be5 24. Qxh6 Qf6 25. Bc6 Bf4 0-1

[Event "II Weekend INPS"]
[Site "Roma ITA"]
[Date "1997.??.??"]
[Round "1"]
[White "Collalto, Alessio"]
[Black "Vignato, Giovanni"]
[Result "1-0"]
[WhiteElo "1600"]
[BlackElo "2150"]
[PlyCount "69"]
[EventDate "1997.??.??"]

1. e4 c6 2. d4 d5 3. Nd2 dxe4 4. Nxe4 Bf5 5. Ng3 Bg6 6. h4 h6 7. Nf3 Nd7 8. h5
Bh7 9. Bd3 Bxd3 10. Qxd3 Ngf6 11. c4 e6 12. Qe2 Bb4+ 13. Kf1 O-O 14. Bf4 Re8
15. Rd1 Qe7 16. a3 Bd6 17. Bxd6 Qxd6 18. Ne5 Rad8 19. Nxd7 Qxd7 20. Ne4 Nxe4
21. Qxe4 c5 22. Rh4 Qa4 23. Qe2 Rd6 24. Ke1 Red8 25. Qd3 Rxd4 26. Rxd4 Rxd4 27.
Qe2 Qxd1+ 28. Qxd1 Rxd1+ 29. Kxd1 Kf8 30. Kd2 Ke7 31. Kd3 e5 32. Ke4 Ke6 33. g4
g6 34. g5 hxg5 35. h6 1-0

[Event "II Weekend INPS"]
[Site "Roma ITA"]
[Date "1997.??.??"]
[Round "1"]
[White "Coppini, Giorgio"]
[Black "Vannelli, Vittorio"]
[Result "1/2-1/2"]
[WhiteElo "2195"]
[BlackElo "1636"]
[PlyCount "59"]
[EventDate "1997.??.??"]

1. e4 e5 2. Nf3 Nc6 3. Bb5 Nf6 4. O-O Nxe4 5. Re1 Nd6 6. Nxe5 Be7 7. Ba4 Nxe5
8. Rxe5 Nc4 9. Re1 Nb6 10. Bb3 d5 11. a4 Be6 12. a5 Nd7 13. d4 Nf6 14. a6 Qc8
15. Ba4+ c6 16. axb7 Qxb7 17. Nd2 O-O 18. Nf3 c5 19. dxc5 Bxc5 20. Be3 Ne4 21.
Bb3 a5 22. Nd4 a4 23. Rxa4 Rxa4 24. Bxa4 Qxb2 25. Qd3 Ra8 26. Nxe6 fxe6 27. Bb3
Ra1 28. Rxa1 Qxa1+ 29. Qf1 Qc3 30. Bxc5 1/2-1/2

[Event "II Weekend INPS"]
[Site "Roma ITA"]
[Date "1997.??.??"]
[Round "1"]
[White "Corvi, Marco"]
[Black "Trebeschi, Andrea"]
[Result "0-1"]
[WhiteElo "2260"]
[BlackElo "1660"]
[PlyCount "122"]
[EventDate "1997.??.??"]

1. e4 d6 2. d4 Nf6 3. Nc3 g6 4. Be3 Bg7 5. Qd2 O-O 6. Bd3 Nc6 7. d5 Ne5 8. Nge2
c5 9. f4 Nxd3+ 10. cxd3 Bg4 11. O-O Bxe2 12. Qxe2 Qd7 13. h3 h5 14. a4 a5 15.
f5 Kh7 16. g4 Rh8 17. Kg2 Kg8 18. g5 Ne8 19. h4 Nc7 20. Rf3 Kh7 21. Raf1 Rhf8
22. Qf2 Kg8 23. d4 b6 24. f6 Bh8 25. Qg3 Rad8 26. b3 Rfe8 27. Rd1 Qc8 28. e5
dxe5 29. dxe5 Qb7 30. fxe7 Rxe7 31. d6 Rxe5 32. dxc7 Rxd1 33. Nxd1 Qxc7 34. Bf4
Re2+ 35. Rf2 Qe7 36. Rxe2 Qxe2+ 37. Nf2 Bd4 38. Qf3 Qc2 39. Bg3 c4 40. Qe4
Qxe4+ 41. Nxe4 cxb3 42. Nd2 b2 43. Kf3 f5 44. Ke2 Kf7 45. Kd3 Bc5 46. Kc2 Be3
47. Nc4 f4 48. Be1 Bd4 49. Nxb2 f3 50. Nd1 Ke6 51. Kd3 Kd5 52. Nf2 Bc5 53. Ne4
Bg1 54. Nf2 Bh2 55. Nh3 b5 56. axb5 a4 57. Bf2 a3 58. Kc3 Bd6 59. Kb3 Ke4 60.
b6 Kd3 61. Ng1 61... Ke4 {...} 0-1

[Event "II Weekend INPS"]
[Site "Roma ITA"]
[Date "1997.??.??"]
[Round "1"]
[White "Dentale, Enrico"]
[Black "Pezzaldi, Roberto"]
[Result "0-1"]
[WhiteElo "1600"]
[BlackElo "2095"]
[PlyCount "64"]
[EventDate "1997.??.??"]

1. Nf3 e6 2. e4 d5 3. exd5 exd5 4. d4 Bg4 5. Bb5+ c6 6. Be2 Bd6 7. h3 Bh5 8.
Ne5 Bxe2 9. Qxe2 Qe7 10. O-O Nd7 11. Re1 O-O-O 12. Nxd7 Qxd7 13. Bg5 f6 14. Bh4
Ne7 15. Qd3 Nf5 16. Bg3 Nxg3 17. fxg3 Qc7 18. g4 Bg3 19. Qf5+ Kb8 20. Re3 Bf4
21. Rd3 g6 22. Qxf6 Bh2+ 23. Kh1 Rhf8 24. Qxd8+ Rxd8 25. Nd2 Bf4 26. Nf3 Re8
27. Rf1 Qe7 28. Kg1 Qb4 29. Rb3 Qd6 30. Rd3 Re2 31. Ne5 Bxe5 32. dxe5 Rxe5 0-1